<?xml version="1.0" encoding="UTF-8"?>
<collection xmlns="http://www.loc.gov/MARC21/slim">
 <record>
  <leader>02739nam a22003017a 4500</leader>
  <controlfield tag="001">NCT_42955</controlfield>
  <controlfield tag="008">180616b        xxu||||| |||| 00| 0 vie d</controlfield>
  <datafield tag="999" ind1=" " ind2=" ">
   <subfield code="c">2060</subfield>
   <subfield code="d">2060</subfield>
  </datafield>
  <datafield tag="020" ind1=" " ind2=" ">
   <subfield code="a">9786045931738</subfield>
   <subfield code="c">169000</subfield>
  </datafield>
  <datafield tag="082" ind1="0" ind2="4">
   <subfield code="2">23rd ed.</subfield>
   <subfield code="a">302.23</subfield>
   <subfield code="b">R989</subfield>
  </datafield>
  <datafield tag="100" ind1="1" ind2=" ">
   <subfield code="a">Ryan, Damian</subfield>
  </datafield>
  <datafield tag="245" ind1="1" ind2="0">
   <subfield code="a">Tiếp thị số từ A đến Z </subfield>
   <subfield code="b"> : những chiến lược tiếp thị làm mưa làm gió trong kỷ nguyên số</subfield>
   <subfield code="c">Damian Ryan; Thảo Nguyên (dịch)</subfield>
  </datafield>
  <datafield tag="260" ind1=" " ind2=" ">
   <subfield code="a">TP Hồ Chí Minh</subfield>
   <subfield code="b">Lao động</subfield>
   <subfield code="c">2015</subfield>
  </datafield>
  <datafield tag="300" ind1=" " ind2=" ">
   <subfield code="a">551tr.</subfield>
   <subfield code="c">24cm</subfield>
  </datafield>
  <datafield tag="500" ind1=" " ind2=" ">
   <subfield code="a">Tến sách tiếng Anh : Understanding Digital Marketing</subfield>
  </datafield>
  <datafield tag="520" ind1="3" ind2=" ">
   <subfield code="a">Nội dung quyển sách đưa đến cho bạn những thông tin cập nhật rất mới về định nghĩa, cách thức triển khai, mô hình quản lý của từng công cụ, giúp bạn không chỉ có khả năng lựa chọn những công cụ tiếp thị số phù hợp mà còn hiểu và định hình được chiến lược số cho doanh nghiệp của mình. Đây là cuốn sách xứng đáng nằm trên kệ của mỗi người làm tiếp thị tại Việt Nam, như một cuốn từ điển chuyên ngành nhỏ mà bạn có thể tra cứu.</subfield>
  </datafield>
  <datafield tag="653" ind1=" " ind2=" ">
   <subfield code="a">Quan hệ công chúng</subfield>
  </datafield>
  <datafield tag="700" ind1=" " ind2=" ">
   <subfield code="a">Thảo Nguyên </subfield>
   <subfield code="e">dịch</subfield>
  </datafield>
  <datafield tag="942" ind1=" " ind2=" ">
   <subfield code="2">ddc</subfield>
   <subfield code="c">BK</subfield>
  </datafield>
  <datafield tag="952" ind1=" " ind2=" ">
   <subfield code="0">0</subfield>
   <subfield code="1">0</subfield>
   <subfield code="2">ddc</subfield>
   <subfield code="4">0</subfield>
   <subfield code="6">302_230000000000000_R989</subfield>
   <subfield code="7">0</subfield>
   <subfield code="9">11107</subfield>
   <subfield code="a">000001</subfield>
   <subfield code="b">000001</subfield>
   <subfield code="d">2018-06-16</subfield>
   <subfield code="o">302.23 R989</subfield>
   <subfield code="p">MD.09300</subfield>
   <subfield code="r">2018-06-16</subfield>
   <subfield code="v">169000.00</subfield>
   <subfield code="w">2018-06-16</subfield>
   <subfield code="y">BK</subfield>
  </datafield>
  <datafield tag="952" ind1=" " ind2=" ">
   <subfield code="0">0</subfield>
   <subfield code="1">0</subfield>
   <subfield code="2">ddc</subfield>
   <subfield code="4">0</subfield>
   <subfield code="6">302_230000000000000_R989</subfield>
   <subfield code="7">0</subfield>
   <subfield code="9">11108</subfield>
   <subfield code="a">000001</subfield>
   <subfield code="b">000001</subfield>
   <subfield code="d">2018-06-16</subfield>
   <subfield code="o">302.23 R989</subfield>
   <subfield code="p">MD.09301</subfield>
   <subfield code="r">2018-06-16</subfield>
   <subfield code="v">169000.00</subfield>
   <subfield code="w">2018-06-16</subfield>
   <subfield code="y">BK</subfield>
  </datafield>
  <datafield tag="952" ind1=" " ind2=" ">
   <subfield code="0">0</subfield>
   <subfield code="1">0</subfield>
   <subfield code="2">ddc</subfield>
   <subfield code="4">0</subfield>
   <subfield code="6">302_230000000000000_R989</subfield>
   <subfield code="7">0</subfield>
   <subfield code="9">11109</subfield>
   <subfield code="a">000001</subfield>
   <subfield code="b">000001</subfield>
   <subfield code="d">2018-06-16</subfield>
   <subfield code="o">302.23 R989</subfield>
   <subfield code="p">MD.07280</subfield>
   <subfield code="r">2018-06-16</subfield>
   <subfield code="v">169000.00</subfield>
   <subfield code="w">2018-06-16</subfield>
   <subfield code="y">BK</subfield>
  </datafield>
  <datafield tag="952" ind1=" " ind2=" ">
   <subfield code="0">0</subfield>
   <subfield code="1">0</subfield>
   <subfield code="2">ddc</subfield>
   <subfield code="4">0</subfield>
   <subfield code="6">302_230000000000000_R989</subfield>
   <subfield code="7">0</subfield>
   <subfield code="9">11110</subfield>
   <subfield code="a">000001</subfield>
   <subfield code="b">000001</subfield>
   <subfield code="d">2018-06-16</subfield>
   <subfield code="l">1</subfield>
   <subfield code="o">302.23 R989</subfield>
   <subfield code="p">MD.09303</subfield>
   <subfield code="r">2020-04-25</subfield>
   <subfield code="s">2020-04-25</subfield>
   <subfield code="v">169000.00</subfield>
   <subfield code="w">2018-06-16</subfield>
   <subfield code="y">BK</subfield>
  </datafield>
  <datafield tag="952" ind1=" " ind2=" ">
   <subfield code="0">0</subfield>
   <subfield code="1">0</subfield>
   <subfield code="2">ddc</subfield>
   <subfield code="4">0</subfield>
   <subfield code="6">302_230000000000000_R989</subfield>
   <subfield code="7">0</subfield>
   <subfield code="9">11111</subfield>
   <subfield code="a">000001</subfield>
   <subfield code="b">000001</subfield>
   <subfield code="d">2018-06-16</subfield>
   <subfield code="o">302.23 R989</subfield>
   <subfield code="p">MD.09304</subfield>
   <subfield code="r">2018-06-16</subfield>
   <subfield code="v">169000.00</subfield>
   <subfield code="w">2018-06-16</subfield>
   <subfield code="y">BK</subfield>
  </datafield>
  <datafield tag="952" ind1=" " ind2=" ">
   <subfield code="0">0</subfield>
   <subfield code="1">0</subfield>
   <subfield code="2">ddc</subfield>
   <subfield code="4">0</subfield>
   <subfield code="6">302_230000000000000_R989</subfield>
   <subfield code="7">0</subfield>
   <subfield code="9">11112</subfield>
   <subfield code="a">000001</subfield>
   <subfield code="b">000001</subfield>
   <subfield code="d">2018-06-16</subfield>
   <subfield code="o">302.23 R989</subfield>
   <subfield code="p">MD.08001</subfield>
   <subfield code="r">2018-06-16</subfield>
   <subfield code="v">169000.00</subfield>
   <subfield code="w">2018-06-16</subfield>
   <subfield code="y">BK</subfield>
  </datafield>
  <datafield tag="952" ind1=" " ind2=" ">
   <subfield code="0">0</subfield>
   <subfield code="1">0</subfield>
   <subfield code="2">ddc</subfield>
   <subfield code="4">0</subfield>
   <subfield code="6">302_230000000000000_R989</subfield>
   <subfield code="7">0</subfield>
   <subfield code="9">11113</subfield>
   <subfield code="a">000001</subfield>
   <subfield code="b">000001</subfield>
   <subfield code="d">2018-06-16</subfield>
   <subfield code="o">302.23 R989</subfield>
   <subfield code="p">MD.08002</subfield>
   <subfield code="r">2018-06-16</subfield>
   <subfield code="v">169000.00</subfield>
   <subfield code="w">2018-06-16</subfield>
   <subfield code="y">BK</subfield>
  </datafield>
  <datafield tag="952" ind1=" " ind2=" ">
   <subfield code="0">0</subfield>
   <subfield code="1">0</subfield>
   <subfield code="2">ddc</subfield>
   <subfield code="4">0</subfield>
   <subfield code="6">302_230000000000000_R989</subfield>
   <subfield code="7">0</subfield>
   <subfield code="9">11114</subfield>
   <subfield code="a">000001</subfield>
   <subfield code="b">000001</subfield>
   <subfield code="d">2018-06-16</subfield>
   <subfield code="o">302.23 R989</subfield>
   <subfield code="p">MD.08003</subfield>
   <subfield code="r">2018-06-16</subfield>
   <subfield code="v">169000.00</subfield>
   <subfield code="w">2018-06-16</subfield>
   <subfield code="y">BK</subfield>
  </datafield>
  <datafield tag="980" ind1=" " ind2=" ">
   <subfield code="a">Thư viện Trường Đại học Nam Cần Thơ</subfield>
  </datafield>
 </record>
</collection>
